ၼမ်ႉမေႃႇၶုမ်သႂ်တဵၵ်းၵိၼ်ႁင်းမၼ်းႁင်းၽႂ် / (Record no. 25350)

000 -LEADER
fixed length control field 01241nam a22002657a 4500
003 - CONTROL NUMBER IDENTIFIER
control field OSt
005 - DATE AND TIME OF LATEST TRANSACTION
control field 20260127160232.0
008 - FIXED-LENGTH DATA ELEMENTS--GENERAL INFORMATION
fixed length control field 230606b ||||| |||| 00| 0 eng d
040 ## - CATALOGING SOURCE
Transcribing agency SSBUL
041 ## - LANGUAGE CODE
Language code of text/sound track or separate title Shan
082 ## - DEWEY DECIMAL CLASSIFICATION NUMBER
Edition number 23
Classification number 294.3443
100 0# - MAIN ENTRY--PERSONAL NAME
Personal name ငိုၼ်းယွတ်ႈ (မိူင်းယူႉ)၊
Titles and words associated with a name ၶိင်း။
245 10 - TITLE STATEMENT
Title ၼမ်ႉမေႃႇၶုမ်သႂ်တဵၵ်းၵိၼ်ႁင်းမၼ်းႁင်းၽႂ် /
Statement of responsibility, etc. ၶိင်းငိုၼ်းယွတ်ႈ (မိူင်းယူႉ)
260 ## - PUBLICATION, DISTRIBUTION, ETC.
Place of publication, distribution, etc. ၼမ်ႉၶမ်း
Name of publisher, distributor, etc. မွၵ်ႇၵွၼ်ႁူင်းပေႃႉလိၵ်ႈ
Date of publication, distribution, etc. 2018
300 ## - PHYSICAL DESCRIPTION
Extent 220 ၼႃႈ
Dimensions 29 ၸိၼ်ႇထီႇ
500 ## - GENERAL NOTE
General note ပႃးပပ်ႉၸဝ်ႈတႃႇၼႁင်းၶေႃး3ပပ်ႉ၊ မၢႆ- 2521-2522-2523 ၶွင်တွၵ်ႉတိူဝ်ႇၸၢႆးဢွင်ႇထုၼ်းလူႇတၢၼ်းဝႆႉ
General note S-SAT: Dr. Prof Sai Aung Tun
650 ## - SUBJECT ADDED ENTRY--TOPICAL TERM
Topical term or geographic name entry element တြႃးၽြႃးပဵၼ်ၸဝ်ႈ
Topical term or geographic name entry element လင်ႇၵႃႇတႆး
942 ## - ADDED ENTRY ELEMENTS (KOHA)
Koha item type Books (Long term)
100 0# - MAIN ENTRY--PERSONAL NAME
9 (RLIN) 28473
9 (RLIN) 24247
Source of classification or shelving scheme
Source of classification or shelving scheme
Source of classification or shelving scheme
Source of classification or shelving scheme
Holdings
Withdrawn status Lost status Source of classification or shelving scheme Damaged status Not for loan Collection Code Permanent Location Current Location Shelving location Date acquired Total Checkouts Full call number Barcode Date last seen Date last checked out Copy number Price effective from Koha item type Accession Total Renewals
          Tai Collection Shan State Buddhist University Library Shan State Buddhist University Library Tai Shelves 06/06/2023 2 294.3443 ငိုၼ်း ႑႑႖႒(1) SH00001162 18/03/2025 18/03/2025 1 06/06/2023 Books (Long term) ႑႑႖႒(1)  
          Tai Collection Shan State Buddhist University Library Shan State Buddhist University Library Tai Shelves 26/07/2023   294.3443 ငိုၼ်း ႑႑႖႓(2) SH00001163 26/07/2023   2 26/07/2023 Books (Long term) ႑႑႖႓(2)  
          Tai Collection Shan State Buddhist University Library Shan State Buddhist University Library Tai Shelves 26/07/2023 1 294.3443 ငိုၼ်း ႑႑႖႔(3) SH00001164 03/09/2024 29/07/2024 3 26/07/2023 Books (Long term) ႑႑႖႔(3) 1
          Special Collections Shan State Buddhist University Library Shan State Buddhist University Library Special Collection Shelves 26/07/2023   294.3443 ငိုၼ်း ႒႕႒႑(1) S-SAT SH00002521 26/07/2023   4 26/07/2023 Book (Short term) ႒႕႒႑(1) S-SAT  
          Special Collections Shan State Buddhist University Library Shan State Buddhist University Library Special Collection Shelves 26/07/2023   294.3443 ငိုၼ်း ႒႕႒႒(2) S-SAT SH00002522 26/07/2023   5 26/07/2023 Book (Short term) ႒႕႒႒(2) S-SAT  
          Special Collections Shan State Buddhist University Library Shan State Buddhist University Library Special Collection Shelves 26/07/2023   294.3443 ငိုၼ်း ႒႕႒႓(3) S-SAT SH00002523 26/07/2023   6 26/07/2023 Book (Short term) ႒႕႒႓(3) S-SAT  
          Tai Collection Shan State Buddhist University Library Shan State Buddhist University Library Tai Shelves 26/07/2023 2 294.3443 ငိုၼ်း ႒႘႘႕(4) SH00002885 27/10/2025 16/10/2025 7 26/07/2023 Books (Long term) ႒႘႘႕(4) 1
          Tai Collection Shan State Buddhist University Library Shan State Buddhist University Library Tai Shelves 26/07/2023 1 294.3443 ငိုၼ်း ႒႘႘႖(5) SH00002886 25/10/2025 25/09/2025 8 26/07/2023 Books (Long term) ႒႘႘႖(5)  

Library - 09407999929
Admin Office - 09407999979
Dean Office - 09250910768
Registrar Office - 09892297154
Email - [email protected]
Shan State Buddhist University, Phaya Phyu Taunggyi, Shan State, Myanmar.